[Event "Titled Tue 24th Jun Early"]
[Site "chess.com INT"]
[Date "2025.06.24"]
[Round "3"]
[White "Zdorov, Egor Vit"]
[Black "Navarro Lopez-Menchero, Daniel"]
[Result "1-0"]
[WhiteTitle "CM"]
[BlackTitle "FM"]
[WhiteElo "2101"]
[BlackElo "2240"]
[WhiteFideId "55688560"]
[BlackFideId "2297370"]
[EventDate "2025.06.24"]

1. d4 d5 2. c4 e6 3. Nc3 Bb4 4. cxd5 exd5 5. Bf4 c6 6. e3 Bf5 7. Qb3 Qe7 8. a3
Bxc3+ 9. bxc3 Nf6 10. Nf3 O-O 11. Be2 b6 12. O-O Nbd7 13. Ba6 Nh5 14. Bg5 f6 15.
Bh4 g5 16. Bg3 Nxg3 17. hxg3 Rfe8 18. Qb4 c5 19. Qb3 c4 20. Qb4 Nf8 21. Nd2 Qxb4
22. axb4 Bd3 23. Bb7 Rad8 24. Rfe1 Re7 25. Bc6 Ne6 26. Ra3 Rd6 27. Bb5 Kf8 28.
Rea1 Nc7 29. Ba4 a6 30. Bd1 Kg7 31. Nf3 Kg6 32. Ne1 Bf5 33. g4 Bc8 34. Bc2+ Kg7
35. Nf3 Nb5 36. Nh2 Nxa3 37. Rxa3 h6 38. Kf1 Ra7 39. Ke2 a5 40. b5 Bd7 41. Ba4
Re6 42. Ra1 Ra8 43. Nf1 Rae8 44. Re1 Re4 45. f3 R4e7 46. Kf2 Re6 47. Ng3 Kg6 48.
Nf5 Rc8 49. Rh1 Rh8 50. Rh5 Ree8 51. Ng3 1-0

[Event "Titled Tue 24th Jun Early"]
[Site "chess.com INT"]
[Date "2025.06.24"]
[Round "3"]
[White "Oppezzo, Sebastian"]
[Black "Sovetbekova, Nurai"]
[Result "0-1"]
[BlackTitle "WFM"]
[WhiteElo "2177"]
[BlackElo "2007"]
[WhiteFideId "112321"]
[BlackFideId "13801910"]
[EventDate "2025.06.24"]

1. d4 Nf6 2. c4 g6 3. g3 Bg7 4. Bg2 d5 5. Nf3 O-O 6. O-O c6 7. cxd5 cxd5 8. Nc3
Nc6 9. Ne5 Ng4 10. Nxc6 bxc6 11. Bf4 e5 12. dxe5 Nxe5 13. Rc1 Re8 14. b3 Bg4 15.
Qd2 Qd7 16. Na4 Bh3 17. Nc5 Qc8 18. Rfd1 Bxg2 19. Kxg2 Qf5 20. Qc2 Qg4 21. h3
Qc8 22. Nd3 Nxd3 23. Qxd3 Qe6 24. Rc2 Rac8 25. Rdc1 h6 26. Be3 a5 27. Bd4 Bxd4
28. Qxd4 Qd7 29. e3 h5 30. h4 Re4 31. Qb6 g5 32. Rxc6 Rxc6 33. Qxc6 Qxc6 34.
Rxc6 gxh4 35. gxh4 Rxh4 36. Rc5 a4 37. Rxd5 axb3 38. axb3 Rb4 39. Rd3 Kg7 40.
Kg3 Kg6 41. f3 Kg5 42. f4+ Kf5 43. Rc3 Rb8 44. Kf3 h4 45. Rc5+ Kg6 46. Rc3 h3
47. Kg3 Rh8 48. Kh2 Kf5 49. b4 Kg4 50. b5 Rd8 51. b6 Rd2+ 52. Kg1 Rb2 53. Rc6
Kg3 0-1

[Event "Titled Tue 24th Jun Early"]
[Site "chess.com INT"]
[Date "2025.06.24"]
[Round "3"]
[White "Teterev, Vitaly"]
[Black "Fiorito, Francisco"]
[Result "1-0"]
[WhiteTitle "GM"]
[BlackTitle "IM"]
[WhiteElo "2248"]
[BlackElo "2433"]
[WhiteFideId "13501429"]
[BlackFideId "180165"]
[EventDate "2025.06.24"]

1. e4 c5 2. Nf3 Nc6 3. Bb5 Nf6 4. Nc3 Qc7 5. O-O Nd4 6. Re1 a6 7. Bf1 d6 8. Nxd4
cxd4 9. Nd5 Nxd5 10. exd5 g6 11. c4 Bg7 12. d3 O-O 13. Bg5 e5 14. dxe6 Bxe6 15.
Rc1 Rac8 16. b4 Rfe8 17. Qf3 a5 18. b5 b6 19. g3 Qc5 20. Bf4 d5 21. cxd5 Qxd5
22. Qxd5 Bxd5 23. Rxe8+ Rxe8 24. Bg2 Bxa2 25. Bc7 Re6 26. Bc6 a4 27. Bxb6 Bb3
28. Bc7 Bh6 29. f4 a3 30. b6 Rxc6 31. Rxc6 a2 32. Rc1 Bd5 33. Ra1 g5 34. Rxa2
gxf4 35. gxf4 Kg7 36. Rb2 Bb7 37. Rb4 Kg6 38. Rxd4 Bf8 39. Rc4 Kf5 40. Kf2 f6
41. Ke3 Ke6 42. Ra4 Kd7 43. Rd4+ Kc6 44. Rc4+ Kb5 45. f5 Bd5 46. Rh4 h6 47. Rg4
Bb7 48. Rg6 Bc5+ 49. d4 Ba3 50. Rxf6 Ka6 51. Rf7 Bd5 52. Rh7 Kb5 53. Kf4 Bc1+
54. Ke5 Bc6 55. f6 Bg5 56. d5 Be8 57. f7 Bxf7 58. Rxf7 Ka6 59. d6 1-0

[Event "Titled Tue 24th Jun Early"]
[Site "chess.com INT"]
[Date "2025.06.24"]
[Round "3"]
[White "Lissillour, Baptiste"]
[Black "Tan, Zhongyi"]
[Result "0-1"]
[WhiteTitle "FM"]
[BlackTitle "GM"]
[WhiteElo "2312"]
[BlackElo "2546"]
[WhiteFideId "45179620"]
[BlackFideId "8603642"]
[EventDate "2025.06.24"]

1. e4 e5 2. Nf3 Nc6 3. Bb5 a6 4. Ba4 Nf6 5. O-O Be7 6. Re1 b5 7. Bb3 O-O 8. a4
b4 9. a5 Rb8 10. Bc4 d6 11. c3 Be6 12. Bf1 Qc8 13. h3 d5 14. exd5 Bxd5 15. Nxe5
Nxe5 16. Rxe5 Bd6 17. Re1 Re8 18. d3 Qf5 19. Be3 bxc3 20. bxc3 Ba8 21. Nd2 Nd5
22. Ne4 Nxc3 23. Nxc3 Qe5 24. g3 Qxc3 25. Rc1 Qxa5 26. Bg2 Bxg2 27. Kxg2 Qd5+
28. Qf3 Qxd3 29. Red1 Qb5 30. Rc6 h6 31. h4 a5 32. h5 a4 33. Rc3 a3 34. Rc2 Qb7
35. Rdd2 Qxf3+ 36. Kxf3 Rb3 37. Kg2 Ra8 38. Ra2 Be5 39. f4 Rxe3 40. fxe5 Rxe5
41. Rd3 Rxh5 42. Rdxa3 Rxa3 43. Rxa3 Rc5 44. Kf3 g5 45. g4 Kg7 46. Ra6 Rc3+ 47.
Ke4 Rc4+ 48. Kf3 Rf4+ 49. Kg3 c5 50. Rc6 c4 51. Kh3 f6 52. Kg3 Kg6 53. Kh3 h5
54. gxh5+ Kxh5 55. Kg3 f5 56. Kh3 Rh4+ 57. Kg3 Rd4 58. Kf3 g4+ 59. Kg2 Kg5 60.
Rc8 Rd2+ 61. Kf1 Rc2 62. Ke1 Kf4 63. Kf1 Kf3 64. Kg1 f4 65. Rc7 g3 0-1

[Event "Titled Tue 24th Jun Early"]
[Site "chess.com INT"]
[Date "2025.06.24"]
[Round "3"]
[White "Aakash, G"]
[Black "Chigaev, Maksim"]
[Result "0-1"]
[WhiteTitle "FM"]
[BlackTitle "GM"]
[WhiteElo "2123"]
[BlackElo "2635"]
[WhiteFideId "25644394"]
[BlackFideId "4108116"]
[EventDate "2025.06.24"]

1. d4 d5 2. c4 e6 3. Nc3 h6 4. Nf3 Nf6 5. cxd5 exd5 6. Bf4 Bd6 7. Bxd6 Qxd6 8.
e3 c6 9. Bd3 O-O 10. Ne5 Re8 11. O-O Nbd7 12. f4 Qe7 13. Rf3 a5 14. Rg3 Nf8 15.
Rc1 Bd7 16. Qb3 Be6 17. Na4 Ne4 18. Bxe4 dxe4 19. Qc2 f6 20. Ng4 Kh8 21. Nf2
Bxa2 22. b3 Qa3 23. Nc5 b6 24. Ncxe4 Bxb3 25. Qd2 Qb4 26. Qe2 Bd5 27. Nc3 Be6
28. Nfe4 Qe7 29. Qh5 a4 30. f5 Bf7 31. Qg4 Bg8 32. Ne2 a3 33. Nf4 a2 34. Ra1 Ra7
35. Nc3 Qb4 36. e4 Qxd4+ 37. Kh1 Rxe4 38. Rf3 c5 39. h4 Re8 40. Kh2 Bf7 41. Rff1
Nd7 42. Nb5 Ne5 43. Qg3 Qd7 44. Nxa7 Qxa7 45. Ne6 Bxe6 46. fxe6 Rxe6 47. Qb3 Qc7
48. g3 Ng4+ 49. Kh3 Qd7 50. Rfd1 Nf2+ 51. Kg2 Nxd1 52. Rxd1 Rd6 53. Re1 Rd2+ 54.
Kg1 Qd4+ 55. Kh1 Qd5+ 56. Qxd5 Rxd5 0-1

[Event "Titled Tue 24th Jun Early"]
[Site "chess.com INT"]
[Date "2025.06.24"]
[Round "3"]
[White "Ismagilov, Damir"]
[Black "Makarian, Rudik"]
[Result "0-1"]
[WhiteTitle "CM"]
[BlackTitle "IM"]
[WhiteElo "2173"]
[BlackElo "2524"]
[WhiteFideId "34199982"]
[BlackFideId "44105681"]
[EventDate "2025.06.24"]

1. d4 Nf6 2. c4 e6 3. Nc3 d5 4. Nf3 dxc4 5. e4 Bb4 6. Bg5 c5 7. Bxc4 cxd4 8.
Nxd4 Bd7 9. O-O Nc6 10. Rc1 h6 11. Bh4 Bxc3 12. Rxc3 g5 13. Bg3 Nxe4 14. Re3
Nxg3 15. hxg3 Nxd4 16. Qxd4 O-O 17. Qe5 Rc8 18. Bb3 Qe7 19. f4 Qc5 20. fxg5 hxg5
21. Kh2 Qxe5 22. Rxe5 f6 23. Rxe6 Bxe6 24. Bxe6+ Kg7 25. Bxc8 Rxc8 26. Rd1 Rc7
27. Rd2 Kg6 28. g4 Rc4 29. Kg3 a5 30. b3 Rc5 31. Kf3 b5 32. Kg3 Kf7 33. Rd7+ Ke6
34. Ra7 b4 35. Ra6+ Ke5 36. Kh3 Rd5 37. Kg3 Rb5 38. Kf3 Rc5 39. Kg3 Rd5 40. Kf3
Rb5 41. Kg3 Rc5 42. Kh3 Kd4 43. Rxf6 Rc2 44. Rf5 Rxa2 45. Rxg5 Kc3 46. Rb5 Kxb3
47. g5 Ka4 48. Rb8 Rc2 49. g6 Rc7 50. Kg4 b3 51. Kf5 Ka3 52. Kf6 a4 53. g7 Rxg7
54. Kxg7 Kb2 55. Kf6 a3 56. g4 a2 57. Ra8 a1=Q 58. Rxa1 Kxa1 59. g5 b2 60. g6
b1=Q 61. g7 Qb3 62. Kg6 Qg8 0-1

[Event "Titled Tue 24th Jun Early"]
[Site "chess.com INT"]
[Date "2025.06.24"]
[Round "3"]
[White "Gustafsson, Jan"]
[Black "Ganichev, Alexander"]
[Result "1/2-1/2"]
[WhiteTitle "GM"]
[BlackTitle "FM"]
[WhiteElo "2591"]
[BlackElo "2241"]
[WhiteFideId "4625498"]
[BlackFideId "24143944"]
[EventDate "2025.06.24"]

1. Nf3 d5 2. e3 Nf6 3. c4 e6 4. Nc3 c5 5. cxd5 exd5 6. Bb5+ Nc6 7. Ne5 Qc7 8.
Qa4 Bd7 9. Nxd7 Qxd7 10. Bxc6 bxc6 11. O-O c4 12. b3 cxb3 13. axb3 Bd6 14. Ba3
O-O 15. Rfc1 Rfb8 16. Ne2 Ne4 17. Bxd6 Qxd6 18. Rxc6 Qd7 19. d3 Nf6 20. Nd4 Ng4
21. Rac1 Ne5 22. R6c3 Qg4 23. h3 Qg6 24. Qxa7 h5 25. Qe7 Nxd3 26. Rc6 Qe4 27.
Qxe4 dxe4 28. R1c2 Ra1+ 29. Kh2 h4 30. g3 hxg3+ 31. Kxg3 Rg1+ 32. Kh2 Rg5 33.
Rc8+ Rxc8 34. Rxc8+ Kh7 35. Rc2 Ne1 36. Rb2 Nd3 37. Rb1 Nxf2 38. b4 Rg6 39. b5
Rb6 40. Kg3 Nd3 41. Ra1 g5 42. Ra6 Rb7 43. b6 Nc5 44. Ra7 Rxb6 45. Rxf7+ Kg6 46.
Rc7 Nd3 47. Rc6+ Rxc6 48. Nxc6 Kf5 49. Nd4+ Kg6 50. Kg4 Ne5+ 51. Kg3 Nc4 52. Kf2
Kh5 53. Nf5 g4 54. Ng3+ Kh4 55. hxg4 Kxg4 56. Nxe4 Nxe3 1/2-1/2

[Event "Titled Tue 24th Jun Early"]
[Site "chess.com INT"]
[Date "2025.06.24"]
[Round "3"]
[White "Szpar, Milosz"]
[Black "Smirnov, Alexandr A."]
[Result "1-0"]
[WhiteTitle "IM"]
[BlackTitle "FM"]
[WhiteElo "2495"]
[BlackElo "2136"]
[WhiteFideId "1184989"]
[BlackFideId "24104396"]
[EventDate "2025.06.24"]

1. e4 d5 2. exd5 Qxd5 3. Nc3 Qd6 4. d4 Nf6 5. Nf3 a6 6. g3 Bg4 7. h3 Bh5 8. Bg2
Nc6 9. d5 Ne5 10. Bf4 Nxf3+ 11. Bxf3 e5 12. dxe6 Qxe6+ 13. Kf1 Bxf3 14. Qxf3
O-O-O 15. Kg2 Bd6 16. Rhe1 Qc4 17. Bg5 Rhe8 18. Bxf6 gxf6 19. Qxf6 Qc6+ 20. Qf3
Qxf3+ 21. Kxf3 Be5 22. Rad1 Bxc3 23. Rxe8 Rxe8 24. bxc3 Re5 25. Kf4 Ra5 26. Ra1
Rc5 27. Re1 Rxc3 28. Re2 Kd7 29. Kg5 Rc6 30. h4 b5 31. g4 a5 32. f4 b4 33. Re5
a4 34. Ra5 a3 35. Rd5+ Ke6 36. Rd2 Rc4 37. f5+ Ke5 38. Re2+ Kd6 39. h5 h6+ 40.
Kf6 Rxg4 41. Kxf7 Rg5 42. f6 Rxh5 43. Kg6 Rg5+ 44. Kxh6 Rf5 45. Kg6 Rf4 46. f7
c5 47. Kg7 Kd5 48. f8=Q Rxf8 49. Kxf8 Kd4 50. Ke7 c4 51. Kd6 Kc3 52. Kc5 b3 53.
cxb3 cxb3 54. Re3+ Kb2 55. Rxb3+ Kxa2 56. Kb4 Ka1 57. Rxa3+ 1-0

[Event "Titled Tue 24th Jun Early"]
[Site "chess.com INT"]
[Date "2025.06.24"]
[Round "3"]
[White "Stojanovski, Sandi"]
[Black "Nezamyatin, Ruslan"]
[Result "1-0"]
[WhiteTitle "FM"]
[BlackTitle "CM"]
[WhiteElo "2169"]
[BlackElo "2070"]
[WhiteFideId "1403249"]
[BlackFideId "24153451"]
[EventDate "2025.06.24"]

1. d3 d5 2. Nf3 Nf6 3. g3 g6 4. Bg2 Bg7 5. O-O c6 6. c4 O-O 7. cxd5 cxd5 8. Nc3
Nc6 9. Bf4 Nh5 10. Bd2 Nf6 11. Rc1 a6 12. Na4 e5 13. Bg5 h6 14. Bxf6 Bxf6 15.
Qb3 Na5 16. Qb6 Bd7 17. Qxd8 Raxd8 18. Nc5 Bc8 19. b4 Nc6 20. Nxa6 e4 21. Nd2
Nd4 22. Rfe1 bxa6 23. e3 Nf3+ 24. Nxf3 exf3 25. Bxf3 d4 26. e4 Be6 27. a3 Rc8
28. Bg2 Rxc1 29. Rxc1 Rc8 30. Rxc8+ Bxc8 31. f4 Bd7 32. Kf2 Bb5 33. Ke2 Be7 34.
e5 a5 35. bxa5 Bxa3 36. Bb7 Bc5 37. a6 Kf8 38. g4 Ke7 39. f5 gxf5 40. gxf5 Kd7
41. Kd2 Kc7 42. Bd5 Be8 43. Bc4 Kb6 44. Ke2 Be7 45. Kf3 Bc6+ 46. Kg4 Bg5 47. h4
Be7 48. Bxf7 Kxa6 49. f6 Bd7+ 50. Kf4 Bf8 51. Bc4+ Kb6 52. e6 Bxe6 53. Bxe6 Kc5
54. Kf5 Kd6 55. h5 Kc7 56. Kg6 Kd6 57. Kf7 Ke5 58. Bc4 1-0

[Event "Titled Tue 24th Jun Early"]
[Site "chess.com INT"]
[Date "2025.06.24"]
[Round "3"]
[White "Manvelyan, Mikayel"]
[Black "Manukian, Artak"]
[Result "0-1"]
[WhiteTitle "FM"]
[WhiteElo "2362"]
[BlackElo "2104"]
[WhiteFideId "13310143"]
[BlackFideId "13301373"]
[EventDate "2025.06.24"]

1. e4 c6 2. d4 d5 3. Nc3 dxe4 4. Nxe4 Nf6 5. Nxf6+ exf6 6. c3 Bd6 7. Bd3 O-O 8.
Qc2 h5 9. Ne2 Qc7 10. c4 c5 11. dxc5 Qxc5 12. O-O Nc6 13. a3 h4 14. Be3 Qh5 15.
h3 g5 16. c5 Be5 17. f4 gxf4 18. Nxf4 Qh8 19. Bf5 Qg7 20. Nh5 Bxf5 21. Rxf5 Qg6
22. Qe4 Rfe8 23. Qf3 Nd4 24. Bxd4 Bxd4+ 25. Kh1 Re3 26. Qf1 Rae8 27. Nxf6+ Bxf6
28. Rxf6 Qg3 29. Rf4 Re1 30. Rg4+ Qxg4 31. Rxe1 Rxe1 32. Qxe1 Qd4 33. b4 a5 34.
bxa5 Qxc5 35. Qxh4 Qxa3 36. Qg4+ Kf8 37. Qc8+ Kg7 38. Qc7 Qb4 39. Kh2 Qb5 40.
Qg3+ Kf8 41. Qc7 Kg7 42. h4 Kf8 43. Qd6+ Kg7 44. Qd4+ Kf8 45. Qc3 Qd5 46. Qb4+
Kg7 47. Qc3+ Kf8 48. g3 Qe4 49. h5 Qe2+ 50. Kg1 Qxh5 51. Qb4+ Kg7 52. Qb3 Qxa5
53. Qb2+ Kg6 54. Qxb7 Qe1+ 55. Kh2 Qe2+ 56. Qg2 Qxg2+ 0-1

[Event "Titled Tue 24th Jun Early"]
[Site "chess.com INT"]
[Date "2025.06.24"]
[Round "3"]
[White "Caprio, Guido"]
[Black "Genkeswaran, Genivan"]
[Result "1-0"]
[WhiteTitle "IM"]
[BlackTitle "CM"]
[WhiteElo "2435"]
[BlackElo "2124"]
[WhiteFideId "834580"]
[BlackFideId "5754496"]
[EventDate "2025.06.24"]

1. d4 b6 2. e4 Bb7 3. Bd3 e6 4. Nf3 c5 5. d5 exd5 6. exd5 Bxd5 7. Nc3 Be6 8. Ng5
Nc6 9. Nxe6 dxe6 10. Qf3 Nd4 11. Bb5+ Nxb5 12. Qc6+ Ke7 13. Nxb5 Qd5 14. Bg5+ f6
15. Qc7+ Ke8 16. Rd1 Qe4+ 17. Kf1 Be7 18. Nd6+ Bxd6 19. Rxd6 fxg5 20. f3 Qc4+
21. Kf2 Ne7 22. Re1 Kf7 23. b3 Qxc2+ 24. Re2 Qf5 25. Rdxe6 Qxe6 26. Rxe6 Kxe6
27. Qg3 Kf7 28. Qxg5 Rhd8 29. Qf4+ Kg8 30. Qe4 Kf8 31. Qxh7 Kf7 32. Qh5+ Kf8 33.
Qg5 Kf7 34. h4 g6 35. h5 Rd6 36. h6 Rh8 37. Qe5 Rf6 38. g4 Rxh6 39. g5 Rh2+ 40.
Qxh2 Rxf3+ 41. Kxf3 Nf5 42. Qe5 Nd4+ 43. Kg4 Ne6 44. Qf6+ Ke8 45. Qxe6+ Kd8 46.
Qxg6 Kc8 47. Qf5+ Kc7 48. g6 Kb7 49. g7 Ka6 50. g8=Q Kb5 51. Qgc8 Kb4 52. Qd3
Ka3 53. Qc4 Kb2 54. Q8a6 Kb1 55. Qe2 Ka1 56. Qac4 b5 57. Qcc2 c4 58. Qb2# 1-0

[Event "Titled Tue 24th Jun Early"]
[Site "chess.com INT"]
[Date "2025.06.24"]
[Round "3"]
[White "Moreira, Ronaldo Alonso"]
[Black "Chitre Arush"]
[Result "0-1"]
[BlackTitle "CM"]
[WhiteElo "2094"]
[BlackElo "2151"]
[WhiteFideId "2110547"]
[BlackFideId "25959026"]
[EventDate "2025.06.24"]

1. d4 Nf6 2. c4 e6 3. Nc3 Bb4 4. Bd2 b6 5. e3 Bb7 6. Nf3 O-O 7. Bd3 d6 8. O-O
Nbd7 9. Qc2 Bxc3 10. Bxc3 Bxf3 11. gxf3 e5 12. dxe5 dxe5 13. Rad1 Qe7 14. Rd2
Rad8 15. Rfd1 Nc5 16. Bf5 a5 17. Rxd8 Rxd8 18. Rxd8+ Qxd8 19. Qd2 Qxd2 20. Bxd2
g6 21. Bc2 Nfd7 22. Bc3 Kf8 23. a3 Ke7 24. b4 axb4 25. axb4 Ne6 26. Ba4 f6 27.
Kf1 c5 28. Ke2 Kd6 29. Bc2 cxb4 30. Bxb4+ Ndc5 31. Be4 Kc7 32. Bd5 Nd8 33. Bg8
h6 34. h4 Ndb7 35. Bh7 g5 36. hxg5 hxg5 37. Bg8 Nd6 38. Bd5 Nd7 39. Be6 Nb8 40.
Bd5 Na6 41. Ba3 Nc5 42. Kd2 Ndb7 43. Ke2 Na5 44. Kf1 Kd6 45. Kg2 f5 46. Kg3 Ke7
47. f4 gxf4+ 48. exf4 e4 49. Kh4 Kf6 50. Bb2+ Kg6 51. Bd4 Nab3 52. Be5 Nd3 53.
Bc7 Nxf2 54. Bxb6 Nd3 55. Kg3 Kf6 56. c5 Nbxc5 57. Bc4 Ne6 58. Ba5 Nexf4 59.
Bc3+ Kg5 60. Ba6 Ng6 61. Bd2+ f4+ 62. Kg2 Nde5 63. Bb7 e3 0-1

[Event "Titled Tue 24th Jun Early"]
[Site "chess.com INT"]
[Date "2025.06.24"]
[Round "3"]
[White "Agarwal, Amaya"]
[Black "Keatinge-Clay, Adrian"]
[Result "0-1"]
[WhiteTitle "WCM"]
[BlackTitle "FM"]
[WhiteElo "2004"]
[BlackElo "2232"]
[WhiteFideId "48733580"]
[BlackFideId "2011867"]
[EventDate "2025.06.24"]

1. e4 c5 2. c3 Nf6 3. e5 Nd5 4. d4 cxd4 5. cxd4 Nc6 6. Nf3 d6 7. Bc4 Nb6 8. Bb5
dxe5 9. Nxe5 Bd7 10. Nxd7 Qxd7 11. Nc3 e6 12. O-O Be7 13. Qg4 Bf6 14. Be3 h5 15.
Qf3 Nd5 16. Nxd5 Qxd5 17. Qxd5 exd5 18. Bxc6+ bxc6 19. Rac1 Kd7 20. Rfe1 Rhb8
21. b3 a5 22. Bf4 Rb4 23. Be5 Rxd4 24. Bxd4 Bxd4 25. Red1 c5 26. Kf1 a4 27. Ke2
axb3 28. axb3 Ra3 29. Rd3 Kd6 30. f3 Ke5 31. Rcd1 g5 32. g3 f5 33. h4 gxh4 34.
gxh4 Ra2+ 35. R1d2 Ra1 36. Rd1 Ra6 37. b4 Ra2+ 38. Kf1 Rf2+ 39. Ke1 Rh2 40. bxc5
Rh1+ 41. Kd2 Rxd1+ 42. Kxd1 Bxc5 43. Ke2 Be7 44. Ke3 f4+ 45. Ke2 Bxh4 46. Rd1
Bg3 47. Rh1 h4 48. Kd2 Kd4 49. Ke2 Kc3 50. Rd1 d4 51. Rh1 d3+ 52. Kd1 d2 53. Rh3
Kd3 54. Rh1 Ke3 55. Rh3 Be1 56. Rh1 Kxf3 57. Rf1+ Kg3 58. Rg1+ Kf2 59. Rh1 Kg2
60. Rxh4 Bxh4 61. Kxd2 f3 62. Ke3 f2 63. Kd4 f1=Q 64. Ke4 Qc4+ 65. Ke5 Be1 66.
Kf6 Kf3 67. Kg7 Qe6 68. Kh8 Qe7 69. Kg8 Bd2 70. Kh8 Bc3+ 71. Kg8 Qg7# 0-1

[Event "Titled Tue 24th Jun Early"]
[Site "chess.com INT"]
[Date "2025.06.24"]
[Round "3"]
[White "Sheehan, Ethan"]
[Black "Jahnz, Laurin"]
[Result "0-1"]
[BlackTitle "CM"]
[WhiteElo "2364"]
[BlackElo "2221"]
[WhiteFideId "30943965"]
[BlackFideId "16261089"]
[EventDate "2025.06.24"]

1. d4 d5 2. Nf3 c5 3. c4 e6 4. cxd5 exd5 5. Nc3 Nf6 6. g3 Nc6 7. Bg2 Be7 8. O-O
O-O 9. dxc5 Bxc5 10. Bg5 Be6 11. Rc1 Bb6 12. Na4 h6 13. Nxb6 axb6 14. Bxf6 Qxf6
15. Qb3 d4 16. Qxb6 Rxa2 17. Qxb7 Na5 18. Qb4 Nb3 19. Rc2 d3 20. exd3 Rxb2 21.
Rxb2 Qxb2 22. Re1 Rd8 23. Ne5 Qd2 24. Qxd2 Nxd2 25. Rd1 Nb3 26. Nc6 Rd6 27. h3
Nd4 28. Nxd4 Rxd4 29. Kf1 Bf5 30. Ke2 g5 31. Ke3 Rd8 32. d4 Re8+ 33. Kd2 Rd8 34.
d5 Kf8 35. Ra1 Be6 36. Ra5 Ke7 37. Kc3 Bd7 38. Kd4 Rb8 39. Ra2 Rb4+ 40. Kc5 Rb5+
41. Kc4 Rb1 42. Be4 Rc1+ 43. Kd4 Rd1+ 44. Kc5 Rc1+ 45. Kd4 Rd1+ 46. Kc3 Bxh3 47.
Ra7+ Ke8 48. Ra6 h5 49. Rh6 h4 50. gxh4 gxh4 51. Rxh4 Bd7 52. Rh6 Ke7 53. Bd3 f6
54. f4 Re1 55. Kd4 Ra1 56. Rh7+ Kd6 57. Rh6 Ra4+ 58. Ke3 Kxd5 59. Rxf6 Ra3 60.
Kd2 Ra2+ 61. Kc3 Ra3+ 62. Kc2 Ba4+ 63. Kd2 Ra2+ 64. Ke1 Kd4 65. Be2 Bb3 66. Rf8
Bd5 67. Re8 Be4 68. Kd1 Ra1+ 69. Kd2 Ra2+ 70. Kd1 Ke3 71. Bc4 Ra1# 0-1

[Event "Titled Tue 24th Jun Early"]
[Site "chess.com INT"]
[Date "2025.06.24"]
[Round "3"]
[White "Sydykov, Bayastan"]
[Black "Suvradeepta, Das"]
[Result "1-0"]
[WhiteTitle "FM"]
[BlackTitle "FM"]
[WhiteElo "2301"]
[BlackElo "2230"]
[WhiteFideId "13829610"]
[BlackFideId "5058031"]
[EventDate "2025.06.24"]

1. Nf3 Nf6 2. c4 g6 3. g3 Bg7 4. Bg2 O-O 5. O-O d6 6. d4 c6 7. Nc3 Qc7 8. e4 b6
9. Re1 e5 10. b3 Bb7 11. Ba3 Rd8 12. Qc2 Nbd7 13. Rad1 Nf8 14. Rd2 Rac8 15. Red1
Ne6 16. dxe5 dxe5 17. Bd6 Rxd6 18. Rxd6 Nd4 19. R6xd4 exd4 20. Nxd4 Re8 21. h3
Nd7 22. Qd2 Nc5 23. Nde2 Bc8 24. Qd6 Qxd6 25. Rxd6 Bb7 26. f4 Bf8 27. Rd1 f6 28.
Kf2 Kf7 29. Nd4 Rc8 30. h4 Ne6 31. Nxe6 Kxe6 32. Bh3+ f5 33. exf5+ gxf5 34. Re1+
Kf6 35. Re5 Bc5+ 36. Ke2 Rd8 37. Rxf5+ Kg7 38. Ne4 Bb4 39. Rg5+ Kh8 40. Be6 Be7
41. Rf5 Re8 42. Kf3 Bxh4 43. Bf7 Re7 44. Nd6 Rd7 45. Nxb7 Be7 46. Be8 Rxb7 47.
Bxc6 Rc7 48. Bb5 Bc5 49. Rd5 Re7 50. f5 Kg7 51. g4 h6 52. Rd3 Kf6 53. Bd7 Re1
54. Be6 Kg5 55. Rd7 Rf1+ 56. Ke2 Rf2+ 57. Ke1 a5 58. Rg7+ Kh4 59. Rg6 Rxa2 60.
f6 1-0

[Event "Titled Tue 24th Jun Early"]
[Site "chess.com INT"]
[Date "2025.06.24"]
[Round "3"]
[White "Karttunen, Mika"]
[Black "Cherepov, Alexej"]
[Result "1-0"]
[WhiteTitle "IM"]
[BlackTitle "CM"]
[WhiteElo "2490"]
[BlackElo "2083"]
[WhiteFideId "502081"]
[BlackFideId "13503650"]
[EventDate "2025.06.24"]

1. c4 c5 2. Nf3 Nf6 3. Nc3 d5 4. cxd5 Nxd5 5. e4 Nb4 6. Bb5+ N8c6 7. d3 a6 8.
Bc4 b5 9. Bd5 e6 10. Bxc6+ Nxc6 11. a3 e5 12. Bg5 f6 13. Be3 Be6 14. O-O Be7 15.
Nh4 O-O 16. Nf5 Nd4 17. Nxe7+ Qxe7 18. f4 exf4 19. Bxd4 cxd4 20. Ne2 Bg4 21.
Rxf4 Be6 22. Kh1 Rfd8 23. Ng3 Rac8 24. Rf2 Qc7 25. Qf3 Qe5 26. h3 Rc5 27. Ne2
Rdc8 28. Nf4 Rc1+ 29. Rf1 Rxa1 30. Rxa1 Bb3 31. Qg4 Rc2 32. Nh5 Qg5 33. Qxg5
fxg5 34. Ng3 g6 35. Re1 Rxb2 36. Ne2 Bc2 37. Nxd4 Bxd3 38. e5 Kf8 39. e6 Ke8 40.
e7 Bc4 41. Nc6 Re2 42. Rd1 Kf7 43. Rd8 Re1+ 44. Kh2 Rxe7 45. Nxe7 Kxe7 46. Ra8
Kf6 47. Rxa6+ Kf5 48. Kg3 h5 49. Kf2 h4 50. g3 hxg3+ 51. Kxg3 Bd3 52. Rb6 Bc4
53. Rc6 Bd3 54. Rc5+ Kf6 55. Kf3 Bc4 56. Ke4 Bf1 57. Rc6+ Kf7 58. Rb6 Be2 59.
Ke5 Bf1 60. Rb7+ Kf8 61. Kf6 Ke8 62. Kxg5 Bxh3 63. Rxb5 Bd7 64. Rb4 Kd8 65. a4
Kc7 66. a5 Bc8 67. Rb6 1-0

[Event "Titled Tue 24th Jun Early"]
[Site "chess.com INT"]
[Date "2025.06.24"]
[Round "3"]
[White "Predein, Vladimir"]
[Black "Andersen, Alec"]
[Result "0-1"]
[WhiteTitle "IM"]
[WhiteElo "2373"]
[BlackElo "2019"]
[WhiteFideId "4117786"]
[BlackFideId "2096978"]
[EventDate "2025.06.24"]

1. e4 c5 2. Nf3 d6 3. d4 cxd4 4. Qxd4 Nc6 5. Qe3 Nf6 6. h3 g6 7. Be2 Bg7 8. O-O
O-O 9. c4 Be6 10. Nc3 Qa5 11. Rb1 Rfc8 12. b3 Ng4 13. hxg4 Qxc3 14. Qf4 Qc2 15.
Bd2 Qxa2 16. Rfd1 Na5 17. e5 Nxb3 18. exd6 Nxd2 19. Nxd2 exd6 20. Rxb7 a5 21.
Bf3 Qc2 22. Ne4 Rxc4 23. Qxd6 Rxe4 24. Bxe4 Qxe4 25. Rdb1 h5 26. gxh5 gxh5 27.
Qc5 Bd5 28. Rb8+ Rxb8 29. Rxb8+ Kh7 30. Kf1 Qxg2+ 31. Ke1 Qe4+ 32. Kd1 Qd4+ 33.
Qxd4 Bxd4 34. Rd8 Bf3+ 35. Kd2 Bxf2 36. Rd7 Kg6 37. Rc7 Bg3 38. Rc5 Bg4 39. Rxa5
Bh4 40. Ra6+ Bf6 41. Ke3 Kg5 42. Ra5+ Kg6 43. Kf2 Bg5 44. Kg3 f6 45. Ra6 Bf5 46.
Ra8 Be4 47. Rg8+ Kf5 48. Rb8 h4+ 49. Kh3 Bd5 50. Rb5 Ke6 51. Kg4 Bc6 52. Rb6 Kd5
53. Rb2 Bd7+ 54. Kf3 Ke5 55. Re2+ Kf5 56. Re7 Bc6+ 57. Kf2 Kg4 58. Rc7 Be4 59.
Rc4 f5 60. Ra4 h3 61. Kf1 h2 62. Ra1 h1=Q+ 63. Kf2 Qxa1 64. Ke2 Qb2+ 65. Ke1 Qb8
66. Kf1 f4 67. Ke1 Kf5 68. Kf1 Bd5 69. Kf2 Bg8 70. Kf1 Bd8 71. Ke1 Qb2 72. Kf1
Ke4 73. Kg1 Kf3 74. Kf1 Qf2# 0-1